| 000 | 00937nam a22003017a 4500 | ||
|---|---|---|---|
| 001 | 5892 | ||
| 003 | FISKH | ||
| 005 | 20250131080528.0 | ||
| 008 | 250130b cb ||||| |||| 00| 0 eng d | ||
| 020 | _a9780590471381 | ||
| 040 |
_aFISKH _beng _cFISKH _dFISKH |
||
| 050 | _aND259.R5 W48 | ||
| 082 | _a759.972 | ||
| 100 |
_aWinter, Jeanette _d(1939-) |
||
| 245 |
_aDiego / _cBy Jeanette Winter ; Text by Jonah Winter ; Translate from the English by Amy Prince |
||
| 250 | _aThis edition first published in 1991 | ||
| 260 |
_aNew York : _bScholastic, _c1991. |
||
| 300 |
_a32 pages : _bcolor illustrations ; _c23 cm |
||
| 505 | _aN | ||
| 520 | _aDiscusses the childhood of Diego Rivera and how it influenced his art. | ||
| 521 | 8 |
_a550
_bLexile |
|
| 521 | 8 |
_aN
_bRaz-Plus |
|
| 650 |
_2Mexico _aMulticultural |
||
| 650 |
_2Painting _aArtist |
||
| 700 |
_aWinter, Jonah _dillustrator |
||
| 942 |
_2ddc _cBK _n0 |
||
| 999 |
_c5892 _d5892 |
||